[Event "34 Open Ciudad de San Sebastian"]
[Site "San Sebastian ESP"]
[Date "2011.04.18"]
[Round "3.8"]
[White "Andres Gonzalez, Alberto"]
[Black "Argandoña Riveiro, Iñigo"]
[Result "1-0"]
[WhiteElo "2503"]
[BlackElo "2389"]
[PlyCount "76"]
[EventDate "2011.04.16"]
[EventType "swiss"]
[EventRounds "9"]
[EventCountry "ESP"]
[Source "lmi"]
[SourceDate "2011.04.16"]

1. c4 e6 2. g3 Nf6 3. Bg2 d5 4. Nf3 dxc4 5. Qa4+ Nbd7 6. Qxc4 a6 7. Qc2 c5 8.
a4 b6 9. Nc3 Bb7 10. O-O Be7 11. Rd1 c4 12. b3 cxb3 13. Qxb3 Nc5 14. Qb1 O-O
15. Ba3 Rc8 16. Ne5 Bxg2 17. Kxg2 Re8 18. Nf3 Nd5 19. Bxc5 Bxc5 20. Nxd5 Qxd5
21. d4 Bf8 22. Qxb6 a5 23. Rdc1 Bb4 24. Qa6 Rcd8 25. Qc6 Qh5 26. e3 f6 27. Qe4
g5 28. Rc6 g4 29. Ng1 e5 30. dxe5 fxe5 31. h3 gxh3+ 32. Nxh3 Rf8 33. Rac1 Rd2
34. Rc8 Rd7 35. Rxf8+ Bxf8 36. Rc8 Rf7 37. Ra8 Qd1 38. Rxa5 Qd5 1-0

[Event "34 Open Ciudad de San Sebastian"]
[Site "San Sebastian ESP"]
[Date "2011.04.18"]
[Round "3.15"]
[White "Cruz-Lopez Claret, Carlos"]
[Black "Gonzalez Perez, Arian"]
[Result "1/2-1/2"]
[WhiteElo "2326"]
[BlackElo "2458"]
[PlyCount "107"]
[EventDate "2011.04.16"]
[EventType "swiss"]
[EventRounds "9"]
[EventCountry "ESP"]
[Source "lmi"]
[SourceDate "2011.04.16"]

1. d4 Nf6 2. c4 g6 3. Nc3 Bg7 4. e4 d6 5. f4 O-O 6. Nf3 c5 7. d5 e6 8. Be2 exd5
9. cxd5 Nbd7 10. O-O Re8 11. Qc2 a6 12. a4 Qc7 13. Nd2 b6 14. Nc4 Rb8 15. Kh1
b5 16. axb5 axb5 17. Nxd6 Qxd6 18. e5 Qe7 19. exf6 Bxf6 20. Bxb5 Bxc3 21. Bxd7
Qxd7 22. bxc3 Qxd5 23. c4 Qd4 24. Ba3 Bg4 25. Rae1 Bf5 26. Qa4 Rxe1 27. Rxe1
Qe3 28. Qa5 Qxf4 29. Qxc5 Be4 30. Qe7 Qe3 31. Bb4 Qb3 32. Bd6 Qb7 33. Qxb7 Rxb7
34. Kg1 f5 35. Kf2 Rb2+ 36. Re2 Rxe2+ 37. Kxe2 Bxg2 38. h4 Kf7 39. Ke3 Ke6 40.
Bf8 Bf1 41. c5 Bg2 42. Kf4 Kf7 43. Bd6 Ke6 44. Bf8 Kd5 45. Bd6 Kd4 46. Bf8 Kd3
47. Bd6 Bc6 48. Bf8 Ke2 49. Bh6 Kf2 50. Bg5 Bg2 51. Be7 Bf3 52. Bf6 Bb7 53. Be7
h6 54. Bf6 1/2-1/2

[Event "34 Open Ciudad de San Sebastian"]
[Site "San Sebastian ESP"]
[Date "2011.04.18"]
[Round "3.41"]
[White "Fuente San Sebastian, Ernesto"]
[Black "Valenti, Giuseppe"]
[Result "0-1"]
[WhiteElo "1879"]
[BlackElo "2143"]
[PlyCount "88"]
[EventDate "2011.04.16"]
[EventType "swiss"]
[EventRounds "9"]
[EventCountry "ESP"]
[Source "lmi"]
[SourceDate "2011.04.16"]

1. e4 d6 2. d4 Nf6 3. Nc3 e5 4. dxe5 dxe5 5. Qxd8+ Kxd8 6. Bg5 c6 7. Bc4 Ke8 8.
Nf3 b5 9. Bxf6 gxf6 10. Nxb5 Na6 11. Nc3 Bb4 12. O-O-O Nc5 13. Nd2 Rg8 14. g3
Rb8 15. f3 Bxc3 16. bxc3 Na4 17. Nb1 Nb2 18. Na3 Nxd1 19. Rxd1 Ke7 20. Bb3 Be6
21. Nc4 Bxc4 22. Bxc4 Rgd8 23. Rd3 h5 24. Bb3 Rg8 25. Kd2 Rg5 26. Ke2 f5 27.
exf5 Rxf5 28. Ke3 Rg5 29. f4 exf4+ 30. Kxf4 Rbb5 31. Re3+ Kf8 32. Kf3 Rgf5+ 33.
Kg2 Rfe5 34. Rf3 Rf5 35. Rxf5 Rxf5 36. Ba4 Rc5 37. Kh3 Rxc3 38. Bb3 Kg7 39. Kh4
Rc5 40. h3 a5 41. a4 f6 42. g4 hxg4 43. hxg4 f5 44. gxf5 Rxf5 0-1

[Event "34 Open Ciudad de San Sebastian"]
[Site "San Sebastian ESP"]
[Date "2011.04.19"]
[Round "4.5"]
[White "Praveen Kumar, C."]
[Black "Andres Gonzalez, Alberto"]
[Result "1/2-1/2"]
[WhiteElo "2352"]
[BlackElo "2503"]
[PlyCount "97"]
[EventDate "2011.04.16"]
[EventType "swiss"]
[EventRounds "9"]
[EventCountry "ESP"]
[Source "lmi"]
[SourceDate "2011.04.16"]

1. d4 Nf6 2. c4 e6 3. Nc3 Bb4 4. f3 d5 5. a3 Be7 6. e4 dxe4 7. fxe4 e5 8. d5
O-O 9. Nf3 a5 10. Bd3 Nbd7 11. O-O c6 12. Kh1 h6 13. Bc2 Nh7 14. Qe2 Bc5 15.
Be3 Qe7 16. Bxc5 Nxc5 17. b4 axb4 18. axb4 Rxa1 19. Rxa1 Na6 20. dxc6 bxc6 21.
b5 Nb4 22. bxc6 Nxc6 23. Nd5 Qc5 24. Ba4 Nd4 25. Qe3 Be6 26. Nxe5 Ra8 27. Nd3
Qa7 28. Rb1 Nf8 29. Nb6 Rd8 30. c5 Ng6 31. h3 Qc7 32. Rb4 Nc6 33. Bxc6 Qxc6 34.
Rd4 Re8 35. Rd6 Qb5 36. c6 Qb1+ 37. Kh2 Qc2 38. Nb4 Qb2 39. N4d5 Qe5+ 40. Qg3
Qxe4 41. c7 Kh7 42. Rd8 Bf5 43. Nc3 Qc6 44. Qd6 Re6 45. Qxc6 Rxc6 46. Ncd5 Rc2
47. c8=Q Bxc8 48. Rxc8 Re2 49. Nc4 1/2-1/2

[Event "34 Open Ciudad de San Sebastian"]
[Site "San Sebastian ESP"]
[Date "2011.04.19"]
[Round "4.7"]
[White "Korchnoi, Viktor"]
[Black "Alvarez Fernandez, Enrique"]
[Result "1-0"]
[WhiteElo "2557"]
[BlackElo "2374"]
[PlyCount "106"]
[EventDate "2011.04.16"]
[EventType "swiss"]
[EventRounds "9"]
[EventCountry "ESP"]
[Source "lmi"]
[SourceDate "2011.04.16"]

1. d4 d5 2. c4 c6 3. e3 Nf6 4. Qc2 e6 5. Nf3 Be7 6. b3 Nbd7 7. Nc3 a6 8. g4 h6
9. Rg1 g5 10. h4 Rg8 11. hxg5 hxg5 12. Bd3 b5 13. e4 b4 14. Na4 dxe4 15. Bxe4
Nxe4 16. Qxe4 Bb7 17. Ne5 Nxe5 18. dxe5 Qc7 19. c5 O-O-O 20. Be3 Kb8 21. Nb6 a5
22. Rd1 Rxd1+ 23. Kxd1 Rd8+ 24. Ke1 Ba6 25. Bd4 Kb7 26. Rg3 Rh8 27. Rf3 Bd8 28.
Re3 Qe7 29. Nc4 Bxc4 30. bxc4 Qe8 31. a3 Qg8 32. axb4 axb4 33. Rb3 Ba5 34. Ke2
Qh7 35. Qxh7 Rxh7 36. Be3 Rh3 37. Rb1 Ka6 38. Kd3 Kb7 39. Ke4 Rh4 40. Kf3 Rh3+
41. Kg2 Rh8 42. Bxg5 Rg8 43. f4 Kc7 44. Kf3 Rb8 45. Rb3 Rh8 46. Kg2 Rg8 47. Kg3
Rh8 48. Bh4 Kd7 49. f5 Rb8 50. Kf4 Rh8 51. Be1 exf5 52. Kxf5 Ke7 53. Rb2 Rb8
1-0

[Event "34 Open Ciudad de San Sebastian"]
[Site "San Sebastian ESP"]
[Date "2011.04.19"]
[Round "4.13"]
[White "Gonzalez Perez, Arian"]
[Black "Suarez Garcia, Carlos"]
[Result "1-0"]
[WhiteElo "2458"]
[BlackElo "2177"]
[PlyCount "92"]
[EventDate "2011.04.16"]
[EventType "swiss"]
[EventRounds "9"]
[EventCountry "ESP"]
[Source "lmi"]
[SourceDate "2011.04.16"]

1. Nf3 d5 2. c4 c6 3. b3 Nf6 4. Bb2 Bf5 5. d3 e6 6. g3 h6 7. Bg2 Nbd7 8. O-O
Be7 9. Nbd2 O-O 10. a3 a5 11. Qc2 Bh7 12. Ne5 Nxe5 13. Bxe5 Bd6 14. Qb2 Bxe5
15. Qxe5 Qe7 16. Qb2 Ra7 17. b4 axb4 18. axb4 Rfa8 19. c5 Qc7 20. Rxa7 Rxa7 21.
Ra1 b6 22. d4 Nd7 23. e4 bxc5 24. bxc5 Rxa1+ 25. Qxa1 Qb7 26. exd5 exd5 27. Bh3
Bd3 28. Qa3 Bb5 29. Qa5 Nf8 30. Bf1 Bxf1 31. Kxf1 Qb2 32. Nf3 Qb1+ 33. Qe1
Qxe1+ 34. Kxe1 f6 35. Kd2 Kf7 36. Kc3 Ke6 37. Kb4 Kd7 38. Ka5 Kc7 39. h4 g5 40.
Kb4 Kd7 41. Kc3 Ke6 42. Kd3 Kf5 43. Ke3 Ne6 44. hxg5 hxg5 45. Ne1 Nd8 46. Nc2
Kg4 1-0

[Event "34 Open Ciudad de San Sebastian"]
[Site "San Sebastian ESP"]
[Date "2011.04.19"]
[Round "4.15"]
[White "Olaizola Ortega, Luis"]
[Black "Mateo, Ramon"]
[Result "1-0"]
[WhiteElo "2206"]
[BlackElo "2446"]
[PlyCount "87"]
[EventDate "2011.04.16"]
[EventType "swiss"]
[EventRounds "9"]
[EventCountry "ESP"]
[Source "lmi"]
[SourceDate "2011.04.16"]

1. d4 Nf6 2. Nf3 b5 3. e3 a6 4. c4 bxc4 5. Bxc4 e6 6. Nc3 Bb7 7. O-O d5 8. Bd3
Nbd7 9. b3 Bd6 10. Bb2 c5 11. Na4 cxd4 12. exd4 O-O 13. Ne5 Be7 14. Rc1 a5 15.
Qe2 Nxe5 16. dxe5 Nd7 17. Bd4 Ba3 18. Rc3 Qh4 19. f4 Rfc8 20. Qc2 Rxc3 21. Qxc3
Qd8 22. f5 Rc8 23. Qd2 Bc6 24. Qe3 Bxa4 25. fxe6 Qh4 26. exf7+ Kf8 27. bxa4
Qxd4 28. Qxd4 Bc5 29. Qxc5+ Nxc5 30. Bb5 Ke7 31. Be8 Ne6 32. Rb1 Nf8 33. Rb6
Rd8 34. Kf2 Ng6 35. Ke3 d4+ 36. Kd2 Rc8 37. Rd6 Rc5 38. Rxd4 Rxe5 39. Rd7+ Kf8
40. Ra7 Rf5 41. Ke3 Ne7 42. g3 Rh5 43. h4 Rf5 44. h5 1-0

[Event "34 Open Ciudad de San Sebastian"]
[Site "San Sebastian ESP"]
[Date "2011.04.19"]
[Round "4.16"]
[White "Thomassen, Thomas"]
[Black "Barria Zuniga, Daniel"]
[Result "0-1"]
[WhiteElo "2049"]
[BlackElo "2438"]
[PlyCount "81"]
[EventDate "2011.04.16"]
[EventType "swiss"]
[EventRounds "9"]
[EventCountry "ESP"]
[Source "lmi"]
[SourceDate "2011.04.16"]

1. c4 e6 2. g3 d5 3. Bg2 Nf6 4. Nf3 Be7 5. O-O O-O 6. b3 c5 7. e3 Nc6 8. Bb2 d4
9. exd4 cxd4 10. d3 e5 11. a3 a5 12. Nbd2 Nd7 13. Re1 Kh8 14. h3 Ra6 15. Bc1
Rb6 16. Rb1 f6 17. Ne4 f5 18. Neg5 Ncb8 19. h4 h6 20. Nh3 Nc6 21. Nh2 Bf6 22.
f4 e4 23. dxe4 fxe4 24. Bxe4 Nc5 25. Nf2 d3 26. Bb2 Bxb2 27. Rxb2 Qd4 28. Rd2
Rxb3 29. Bxd3 Rxa3 30. Nf3 Qc3 31. Rc2 Qf6 32. Be4 Nxe4 33. Nxe4 Qg6 34. h5 Qf7
35. Nh4 Rd8 36. Ng6+ Kh7 37. Rd2 Rxd2 38. Qxd2 Qxc4 39. Nd6 Qc5+ 40. Kg2 Bg4
41. Nc8 0-1

[Event "34 Open Ciudad de San Sebastian"]
[Site "San Sebastian ESP"]
[Date "2011.04.19"]
[Round "4.35"]
[White "Perrusset, Barbara"]
[Black "Pressman, Leif"]
[Result "0-1"]
[WhiteElo "1859"]
[BlackElo "2198"]
[PlyCount "73"]
[EventDate "2011.04.16"]
[EventType "swiss"]
[EventRounds "9"]
[EventCountry "ESP"]
[Source "lmi"]
[SourceDate "2011.04.16"]

1. e4 Nf6 2. Nc3 e5 3. Nf3 Nc6 4. d4 exd4 5. Nxd4 Bb4 6. Nxc6 bxc6 7. Bd3 d5 8.
exd5 cxd5 9. O-O O-O 10. Bg5 c6 11. Qf3 Be7 12. Rfe1 Re8 13. h3 Rb8 14. Nd1 Be6
15. b3 h6 16. Bf4 Bd6 17. Bxd6 Qxd6 18. Ne3 a5 19. Nf5 Bxf5 20. Qxf5 g6 21. Qf3
Kg7 22. Rad1 Qa3 23. Rf1 c5 24. Qf4 Qb4 25. Qxb4 axb4 26. f3 Rb7 27. Rfe1 Ra8
28. Ra1 Rba7 29. a4 bxa3 30. Bb5 Ra5 31. Ba4 d4 32. Rxa3 c4 33. Rd1 d3 34. bxc4
dxc2 35. Rc1 Rxa4 36. Rxa4 Rxa4 37. Rxc2 0-1